| 000 | 00411 a2200157 4500 | ||
|---|---|---|---|
| 005 | 20250624114842.0 | ||
| 020 | _a978-0-273-72368-4 | ||
| 082 | _a658.7LYS | ||
| 100 | _aLYSONS. K | ||
| 245 | _aPurchasing And Supply Chain Management | ||
| 250 | _a8th Ed | ||
| 260 |
_aLondon, _bPerson Education, _c2012. |
||
| 300 |
_axix, 664p; ill, table, figue, _bIndex _c24cm |
||
| 700 | _aFARRINGTON. B. | ||
| 942 |
_2ddc _cBKS |
||
| 999 |
_c4852 _d4852 |
||